|
|
|
|
| LEADER |
00000cab a2200000 a 4500 |
| 001 |
049000 |
| 003 |
UAHC_CL |
| 005 |
20170803125407.0 |
| 008 |
070630b cl j 000 1 spa |
| 040 |
|
|
|a UAHC_CL
|c UAHC_CL
|d UAHC_CL
|
| 100 |
1 |
|
|a Rojas Díaz, Gloria
|
| 245 |
1 |
3 |
|a La gestión de información en la formación profesional /
|c Gloria Rojas Díaz, Jorge Alarcón Leiva.
|
| 260 |
|
|
|a Talca, Chile
|b Universidad Católica del Maule
|c 2005
|
| 300 |
|
|
|a pp. 129-143
|
| 500 |
|
|
|a En : UC MAULE. n¼ 31, dic 2005, pp. 129-143. ISSN: 07172656
|
| 500 |
|
|
|a En : UC MAULE. nº 31, dic 2005, pp. 129-143. ISSN: 07172656
|
| 520 |
|
|
|a El artículo se propone describir evaluativamente las características de una experiencia pedagógica de innovación en la formación de habilidades informacionales y, tendientes a generalizar a partir de esta práctica, algunas indicaciones que debieran considerarse en una gestión educativa cooperativa entre docentes universitarios y bibliotecólogos.
|
| 520 |
|
|
|a El artículo se propone describir evaluativamente las características de una experiencia pedagógica de innovación en la formación de habilidades informacionales y, tendientes a generalizar a partir de esta práctica, algunas indicaciones que debieran considerarse en una gestión educativa cooperativa entre docentes universitarios y bibliotecólogos.
|
| 759 |
|
|
|a PP179
|
| 773 |
0 |
|
|t Ultima década.
|w 049085
|
| 900 |
|
|
|a UC MAULE-31/05
|
| 942 |
|
|
|c REVA
|
| 952 |
|
|
|0 0
|1 0
|4 0
|6 UC_MAULE31_05_000000000000000
|7 0
|8 General
|9 87728
|a BC
|b BC
|c General
|d 2017-08-03
|l 0
|o UC MAULE-31/05
|p FICTICIO8058
|r 2019-01-08 00:00:00
|t 1
|w 2017-08-03
|y REVA
|
| 999 |
|
|
|c 49000
|d 49000
|